000 01650nam a2200205Ia 4500
003 Ost
005 20260507075738.0
008 260507s9999||||xx |||||||||||||| ||und||
040 _cfsecg
041 _aara
082 _a346.06
100 _aعثمان، حسين عثمان محمد
_eمؤلف
245 0 _aأصول القانون الإداري /
_c حسين عثمان محمد عثمان
260 _aالاسكندرية:
_bدار المطبوعات الجامعية,
_c2004
300 _a736 صفحة؛
_c24 سم
504 _aببليوغرافيا: ص.725
520 _aالقانون الاداري،قانون الادارة العامة،مفهوم الادارة العامة،مفهوم القانون الاداري،نشأة القانون الاداري في فرنسا،نشأة القانون الاداري في مصر،القانون الاداري في النظام الأنجلوسكسوني،عدم تقنين القانون الاداري،الدور المحدود للعرف،الدور المنشئ للقضاء الاداري،قانون السلطة،قانون المرفق العام،المعايير البديلة،تنظيم الادارة العامة،المركزية الادارية،اللامركزية الادارية،التعريف بالمال العام،طرق إكتساب المال العام،إستعمال المال العام،حماية المال العام،العمل الاداري،النظام القانوني للعمل الاداري،الموظفون العموميون،واجبات الموظف العام
653 _aالقانون الاداري
942 _cكتاب
999 _c46112
_d46112